The Landscape of German Colonialism: Mt. Kilimanjaro and Mt. Meru, Ca. 1890 – 1916 (Record no. 17361)
[ view plain ]
| 000 -LEADER | |
|---|---|
| fixed length control field | 00466nam a22001337a 4500 |
| 008 - FIXED-LENGTH DATA ELEMENTS--GENERAL INFORMATION | |
| fixed length control field | 180319b ||||| |||| 00| 0 eng d |
| 050 ## - LIBRARY OF CONGRESS CALL NUMBER | |
| Classification Number | MUN 2005 |
| 100 ## - MAIN ENTRY--Author | |
| Personal name | Munson, Robert B. |
| 245 ## - TITLE | |
| Title | The Landscape of German Colonialism: Mt. Kilimanjaro and Mt. Meru, Ca. 1890 – 1916 |
| 260 ## - PUBLICATION, DISTRIBUTION, ETC.(IMPRINT) | |
| Place of publication, distribution, etc | PhD thesis |
| Name of publisher, distributor, etc | Boston University Graduate School of Arts and Sciences |
| Date of publication, distribution, etc | 2005 |
| 300 ## - PHYSICAL DESCRIPTION | |
| Extent | 614p |
| 856 ## - Uniform Resource Identifier | |
| Uniform Resource Identifier | Thesis Bank |
| -- | <a href="http://thesisbank.jhia.ac.ke/67/">http://thesisbank.jhia.ac.ke/67/</a> |
| 942 ## - ADDED ENTRY ELEMENTS(KOHA) | |
| Source of classification or shelving scheme | Library of Congress Classification |
| Koha item type | Theses |
| Source of classification or shelving scheme | Not for loan | Location (home branch) | Sublocation (holding branch) | Shelving Location | Date accessioned | Koha item type |
|---|---|---|---|---|---|---|
| Library of Congress Classification | Not For Loan | Jesuit Historical Institute in Africa | Jesuit Historical Institute in Africa | Online (thesisbank.jhia.ac.ke) | 19/03/2018 | Theses |